Real analysis / (Record no. 182054)

000 -LEADER
fixed length control field 00782 a2200241 4500
003 - CONTROL NUMBER IDENTIFIER
control field Nust
005 - DATE AND TIME OF LATEST TRANSACTION
control field 20221124134241.0
010 ## - LIBRARY OF CONGRESS CONTROL NUMBER
LC control number 2009048692
020 ## - INTERNATIONAL STANDARD BOOK NUMBER
International Standard Book Number 8129701057
040 ## - CATALOGING SOURCE
Transcribing agency Nust
082 00 - DEWEY DECIMAL CLASSIFICATION NUMBER
Classification number 515.819, ROY
100 1# - MAIN ENTRY--PERSONAL NAME
Personal name H.L. Royden
9 (RLIN) 103511
245 10 - TITLE STATEMENT
Title Real analysis /
Statement of responsibility, etc. H.L. Royden.
250 ## - EDITION STATEMENT
Edition statement 3rd ed.
260 ## - PUBLICATION, DISTRIBUTION, ETC.
Place of publication, distribution, etc. Upper Saddle River, NJ :
Name of publisher, distributor, etc. Pearson Prentice Hall,
Date of publication, distribution, etc. 1988
300 ## - PHYSICAL DESCRIPTION
Extent xvii, 444 p
505 ## - FORMATTED CONTENTS NOTE
Formatted contents note PART-1: Theory of Functions of a Real Variable (Page-31), PART-2: Abstract Spaces (Page-139), PART-3: General Measure and Integration Theory (Page-253) .
650 #0 - SUBJECT ADDED ENTRY--TOPICAL TERM
Topical term or geographic name entry element Functional analysis.
9 (RLIN) 39212
650 #0 - SUBJECT ADDED ENTRY--TOPICAL TERM
Topical term or geographic name entry element Functions of real variables.
9 (RLIN) 35586
650 #0 - SUBJECT ADDED ENTRY--TOPICAL TERM
Topical term or geographic name entry element Measure theory.
9 (RLIN) 102867
700 1# - ADDED ENTRY--PERSONAL NAME
Personal name Royden, H. L.
9 (RLIN) 103512
942 ## - ADDED ENTRY ELEMENTS (KOHA)
Source of classification or shelving scheme
Koha item type Book
Holdings
Withdrawn status Lost status Source of classification or shelving scheme Damaged status Not for loan Permanent Location Current Location Shelving location Date acquired Full call number Barcode Date last seen Price effective from Koha item type Public note
          Military College of Signals (MCS) Military College of Signals (MCS) General Stacks 12/12/2016 515.819, ROY MCS31247 12/08/2016 12/12/2016 Book Almirah Fresh No.13, Shelf No.6
© 2023 Central Library, National University of Sciences and Technology. All Rights Reserved.